000 00513nam a2200193 a 4500
005 20140310183602.0
008 120810s19uu xx 00 eng d
020 _a9710864785
050 _aBF 121
_b.Z94 2008
100 _aZulueta, Franciso M.
245 _aGeneral psychology /
_cFrancisco M. Zulueta.
260 _aMandaluyong City :
_bNBS,
_c2008.
300 _a474 p. :
_c23 cm.
521 _aPSYCH
650 _aPsychology
700 _aParaso, Maricel S.
942 _cBK
_2lcc
_kLOC
999 _c25117
_d25117